[Event "Steinfurt Bezirksliga 1819"]
[Site "Germany"]
[Date "2019.03.16"]
[Round "8.7"]
[White "Becker, Heiner"]
[Black "Barlage, Stefan"]
[Result "1-0"]
[WhiteElo "1518"]
[BlackElo "1125"]
[PlyCount "93"]
[EventDate "2018.09.01"]
[EventType "team-tourn"]
[EventRounds "10"]
[EventCountry "GER"]
[SourceTitle "EXT 2020"]
[Source "ChessBase"]
[SourceDate "2019.10.17"]
[SourceVersion "1"]
[SourceVersionDate "2019.10.17"]
[SourceQuality "1"]
[WhiteTeam "Ibbenbueren II"]
[BlackTeam "Neuenkirchen"]
[WhiteTeamCountry "GER"]
[BlackTeamCountry "GER"]

1. Nf3 d5 2. d4 Nf6 3. g3 c6 4. Bg2 e6 5. 0-0 Be7 6. Nbd2 0-0 7. c4 Nbd7 8. Qc2 b6 9. b3 Bd6 10. Bb2 Re8 11. Rfe1 Bb7 12. Rac1 Rc8 13. Qb1 Qe7 14. e3 Bb4 15. Bc3 Ba3 16. Bb2 Bb4 17. Red1 Ng4 18. h3 Ngf6 19. Bc3 Ba3 20. Rc2 Bd6 21. Ne1 c5 22. Bb2 Ne4 23. Nxe4 dxe4 24. Rcd2 Rcd8 25. Bxe4 Bxe4 26. Qxe4 Nf6 27. Qf3 Bc7 28. dxc5 Rxd2 29. Rxd2 Rd8 30. Rxd8+ Qxd8 31. cxb6 Bxb6 32. Bxf6 gxf6 33. Qe2 Qd7 34. Qd3 Qc8 35. Nc2 e5 36. Kg2 Qb7+ 37. e4 Qa6 38. a3 Qc8 39. b4 a5 40. c5 Ba7 41. Ne3 axb4 42. axb4 Qb7 43. Nf5 h5 44. Qc4 Bb8 45. b5 Kh7 46. b6 Qc6 47. Qxf7+ 1-0

[Event "Steinfurt Bezirksliga 1516"]
[Site "Germany"]
[Date "2015.12.19"]
[Round "4.8"]
[White "Edenfeld, Werner"]
[Black "Becker, Heiner"]
[Result "0-1"]
[WhiteElo "1211"]
[BlackElo "1582"]
[PlyCount "78"]
[EventDate "2015.09.19"]
[EventType "team-tourn"]
[EventRounds "9"]
[EventCountry "GER"]
[SourceTitle "EXT 2017"]
[Source "ChessBase"]
[SourceDate "2016.10.25"]
[SourceVersion "1"]
[SourceVersionDate "2016.10.25"]
[SourceQuality "1"]
[WhiteTeam "Steinfurt III"]
[BlackTeam "Ibbenbueren"]
[WhiteTeamCountry "GER"]
[BlackTeamCountry "GER"]

1. d4 d5 2. Nc3 Nf6 3. h3 g6 4. Nf3 Bg7 5. e3 0-0 6. Bd3 b6 7. a3 Bb7 8. Ne5 Nbd7 9. Nxd7 Nxd7 10. 0-0 c5 11. Ne2 c4 12. c3 cxd3 13. Qxd3 Nf6 14. f3 a5 15. Rf2 Ba6 16. Qc2 Bxe2 17. Qxe2 Qd7 18. g4 h5 19. Bd2 Qc7 20. Rg2 Qc4 21. Qd1 a4 22. g5 Ne8 23. f4 Nd6 24. Qc2 e6 25. h4 b5 26. Be1 Rfc8 27. Qd1 Ne4 28. Kh2 Bf8 29. Rc1 Qb3 30. Qxb3 axb3 31. Rb1 Nd6 32. Re2 Nc4 33. e4 dxe4 34. Rxe4 Bxa3 35. bxa3 Rxa3 36. Re2 Rca8 37. Bf2 Ra2 38. Rxa2 Rxa2 39. Kg3 b2 0-1

[Event "Muensterland Verbandsklasse-A 1112"]
[Site "Germany"]
[Date "2011.12.10"]
[Round "4.8"]
[White "De Haas, Wouter"]
[Black "Becker, Heiner"]
[Result "1/2-1/2"]
[WhiteElo "1885"]
[BlackElo "1596"]
[PlyCount "42"]
[EventDate "2011.09.17"]
[EventType "team-tourn"]
[EventRounds "9"]
[EventCountry "GER"]
[SourceTitle "EXT 2013"]
[Source "ChessBase"]
[SourceDate "2012.11.22"]
[SourceVersion "1"]
[SourceVersionDate "2012.11.22"]
[SourceQuality "1"]
[WhiteTeam "Emsdetten Rochade"]
[BlackTeam "Ibbenbueren"]
[WhiteTeamCountry "GER"]
[BlackTeamCountry "GER"]

1. d4 c6 2. c4 d5 3. Nc3 g6 4. e4 dxe4 5. Nxe4 Bg7 6. Be3 Nf6 7. Nxf6+ Bxf6 8. h4 h5 9. Be2 Na6 10. Nf3 Nc7 11. Qb3 0-0 12. Bh6 Bg7 13. Bxg7 Kxg7 14. 0-0-0 Ne6 15. Qe3 Qc7 16. g4 Nf4 17. gxh5 Nxe2+ 18. Qxe2 Qf4+ 19. Nd2 Bg4 20. f3 Bxh5 21. Qxe7 Qxd4 1/2-1/2

[Event "Muensterland Verbandsklasse-A 1112"]
[Site "Germany"]
[Date "2011.10.08"]
[Round "2.5"]
[White "Becker, Heiner"]
[Black "Rickert, Berthold"]
[Result "1/2-1/2"]
[WhiteElo "1596"]
[BlackElo "1799"]
[PlyCount "44"]
[EventDate "2011.09.17"]
[EventType "team-tourn"]
[EventRounds "9"]
[EventCountry "GER"]
[SourceTitle "EXT 2013"]
[Source "ChessBase"]
[SourceDate "2012.11.22"]
[SourceVersion "1"]
[SourceVersionDate "2012.11.22"]
[SourceQuality "1"]
[WhiteTeam "Ibbenbueren"]
[BlackTeam "Borken"]
[WhiteTeamCountry "GER"]
[BlackTeamCountry "GER"]

1. Nf3 g6 2. g3 Bg7 3. Bg2 f5 4. d4 Nf6 5. 0-0 0-0 6. c4 d6 7. Nc3 e6 8. Qc2 Nc6 9. a3 e5 10. dxe5 dxe5 11. Bg5 e4 12. Rfd1 Qe8 13. Nd4 Be6 14. Nxe6 Qxe6 15. Bxf6 Bxf6 16. Nb5 Be5 17. e3 Qf6 18. Rab1 a6 19. Nc3 Rad8 20. Nd5 Qg7 21. Rd2 Ne7 22. Nxe7+ Qxe7 1/2-1/2

[Event "Muensterland Verbandsklasse-B 1011"]
[Site "Germany"]
[Date "2010.10.09"]
[Round "2.6"]
[White "Becker, Heiner"]
[Black "Sandmann, Matthias"]
[Result "1/2-1/2"]
[WhiteElo "1604"]
[BlackElo "1542"]
[PlyCount "68"]
[EventDate "2010.09.18"]
[EventType "team-tourn"]
[EventRounds "9"]
[EventCountry "GER"]
[SourceTitle "EXT 2012"]
[Source "ChessBase"]
[SourceDate "2011.11.24"]
[SourceVersion "1"]
[SourceVersionDate "2011.11.24"]
[SourceQuality "1"]
[WhiteTeam "Ibbenbueren"]
[BlackTeam "Nordwalde"]
[WhiteTeamCountry "GER"]
[BlackTeamCountry "GER"]

1. Nf3 d5 2. d4 Nf6 3. g3 Bf5 4. Bg2 e6 5. 0-0 Bd6 6. Nbd2 Nbd7 7. c4 c6 8. h3 Qc7 9. c5 Be7 10. Nh4 g6 11. Nxf5 gxf5 12. Nf3 Rg8 13. Bf4 Qa5 14. Qd2 Qxd2 15. Nxd2 Nh5 16. Be3 Bf6 17. Bf3 f4 18. Bxh5 fxe3 19. Nf3 exf2+ 20. Kxf2 0-0-0 21. Bxf7 Rgf8 22. Bxe6 Bxd4+ 23. Kg2 Bxb2 24. Rab1 Bf6 25. Rb3 Kc7 26. Bxd7 Rxd7 27. Rfb1 Kc8 28. Rd1 Re7 29. Rd2 Rfe8 30. Kf2 Re4 31. Rc2 Rf8 32. Ke1 Bd4 33. Kd2 Rfe8 34. Nxd4 Rxd4+ 1/2-1/2

[Event "Muensterland Verbandsklasse-B 1011"]
[Site "Germany"]
[Date "2010.09.18"]
[Round "1.4"]
[White "Broemmel, Rudolf"]
[Black "Becker, Heiner"]
[Result "1-0"]
[WhiteElo "1911"]
[BlackElo "1604"]
[PlyCount "79"]
[EventDate "2010.09.18"]
[EventType "team-tourn"]
[EventRounds "9"]
[EventCountry "GER"]
[SourceTitle "EXT 2012"]
[Source "ChessBase"]
[SourceDate "2011.11.24"]
[SourceVersion "1"]
[SourceVersionDate "2011.11.24"]
[SourceQuality "1"]
[WhiteTeam "Raesfeld Erle"]
[BlackTeam "Ibbenbueren"]
[WhiteTeamCountry "GER"]
[BlackTeamCountry "GER"]

1. b3 e5 2. Bb2 Nc6 3. c4 Nf6 4. e3 d6 5. d3 g6 6. Nf3 Bg7 7. Nbd2 0-0 8. Qc2 b6 9. Be2 Bd7 10. 0-0 a5 11. a3 h6 12. Bc3 Nh7 13. b4 Qe7 14. b5 Nd8 15. Rfe1 Re8 16. Nb3 Ng5 17. Nxg5 Qxg5 18. Bf3 Rb8 19. Bd5 c6 20. bxc6 Bxc6 21. Rab1 Bxd5 22. cxd5 Nb7 23. e4 Rec8 24. Nd2 Qd8 25. Nc4 Nc5 26. Rb5 Qc7 27. f3 Nxd3 28. Qxd3 Qxc4 29. Qxc4 Rxc4 30. Bxa5 Ra4 31. Bb4 Bf8 32. Rc1 Be7 33. Rc6 Ra6 34. Bxd6 Bxd6 35. Rxd6 Rxa3 36. Rdxb6 Rxb6 37. Rxb6 Ra8 38. Kf2 Kf8 39. h4 Ra7 40. h5 1-0

[Event "Muensterland Verbandsklasse-A 0910"]
[Site "Germany"]
[Date "2009.12.19"]
[Round "4.7"]
[White "Becker, Heiner"]
[Black "Ter Veen, Michael"]
[Result "1/2-1/2"]
[WhiteElo "1585"]
[BlackElo "1726"]
[PlyCount "33"]
[EventDate "2009.09.19"]
[EventType "team-tourn"]
[EventRounds "9"]
[EventCountry "GER"]
[SourceTitle "EXT 2011"]
[Source "ChessBase"]
[SourceDate "2010.11.26"]
[SourceVersion "1"]
[SourceVersionDate "2010.11.26"]
[SourceQuality "1"]
[WhiteTeam "Ibbenbueren"]
[BlackTeam "Muenster Indische Dame"]
[WhiteTeamCountry "GER"]
[BlackTeamCountry "GER"]

1. Nf3 d5 2. d4 Nf6 3. g3 e6 4. Bg2 c5 5. 0-0 Nc6 6. Bg5 h6 7. Bxf6 Qxf6 8. c3 Bd7 9. dxc5 Bxc5 10. Nbd2 0-0 11. e4 Rfd8 12. exd5 exd5 13. Nb3 Bb6 14. Nfd4 Nxd4 15. Nxd4 Bxd4 16. Qxd4 Qxd4 17. cxd4 1/2-1/2

[Event "Muensterland Verbandsklasse-A 0809"]
[Site "Germany"]
[Date "2009.05.02"]
[Round "9.6"]
[White "Becker, Heiner"]
[Black "Becker, Daniel"]
[Result "0-1"]
[WhiteElo "1609"]
[BlackElo "1870"]
[PlyCount "84"]
[EventDate "2008.09.13"]
[EventType "team-tourn"]
[EventRounds "9"]
[EventCountry "GER"]
[SourceTitle "EXT 2010"]
[Source "ChessBase"]
[SourceDate "2010.11.25"]
[SourceVersion "1"]
[SourceVersionDate "2010.11.25"]
[SourceQuality "1"]
[WhiteTeam "Ibbenbueren"]
[BlackTeam "Nienberge"]
[WhiteTeamCountry "GER"]
[BlackTeamCountry "GER"]

1. Nf3 g6 2. g3 Bg7 3. d4 d6 4. Bg2 Nd7 5. 0-0 c6 6. Nbd2 Ngf6 7. c3 0-0 8. e4 Qc7 9. Qc2 c5 10. d5 Rb8 11. c4 e6 12. Rb1 exd5 13. cxd5 b5 14. b3 Nb6 15. Bb2 Re8 16. Rfe1 Bd7 17. Rbd1 Rbc8 18. h3 Qb8 19. Qb1 c4 20. Qa1 c3 21. Bxc3 Rxc3 22. Qxc3 Nfxd5 23. Qd3 Nc3 24. a3 Nxd1 25. Rxd1 Qc8 26. g4 Qc5 27. Nb1 Bc6 28. Qxd6 Qxd6 29. Rxd6 Bxe4 30. Nbd2 Bd5 31. Bf1 Bf8 32. Bxb5 Rc8 33. Rf6 Rc1+ 34. Bf1 Bxa3 35. Rf4 Rc3 36. Bc4 Nxc4 37. bxc4 Bb7 38. Ne5 Rc1+ 39. Nf1 Bd6 40. Rxf7 Be4 41. Rf3 Bxf3 42. Nxf3 Rxc4 0-1

[Event "Steinfurt Bezirksklasse 0607"]
[Site "Germany"]
[Date "2006.11.25"]
[Round "3.2"]
[White "Bloemker, Martin"]
[Black "Becker, Heiner"]
[Result "0-1"]
[WhiteElo "1371"]
[BlackElo "1615"]
[PlyCount "124"]
[EventDate "2006.09.30"]
[EventType "team-tourn"]
[EventRounds "7"]
[EventCountry "GER"]
[SourceTitle "EXT 2008"]
[Source "ChessBase"]
[SourceDate "2007.11.25"]
[SourceVersion "1"]
[SourceVersionDate "2007.11.25"]
[SourceQuality "1"]
[WhiteTeam "Steinfurt IV"]
[BlackTeam "Ibbenbueren III"]
[WhiteTeamCountry "GER"]
[BlackTeamCountry "GER"]

1. Nf3 Nf6 2. c4 c6 3. b3 g6 4. Bb2 Bg7 5. d4 d5 6. e3 0-0 7. Nc3 Bg4 8. Be2 Nbd7 9. 0-0 Re8 10. cxd5 cxd5 11. Rc1 Nb6 12. Ne5 Bxe2 13. Qxe2 a6 14. Qf3 e6 15. Rc2 Rc8 16. Rfc1 Qe7 17. Nd3 Nfd7 18. b4 Nc4 19. Nxd5 exd5 20. Qxd5 Ndb6 21. Qf3 Nxb2 22. Rxb2 Rxc1+ 23. Nxc1 Qc7 24. Qd1 Rc8 25. Nd3 Na4 26. Rd2 Nc3 27. Qe1 Ne4 28. Rd1 b6 29. Rc1 Qb7 30. a4 Nd6 31. a5 Rxc1 32. Qxc1 Bf8 33. axb6 Nb5 34. Qc4 Qxb6 35. Nc5 Nd6 36. Qxa6 Qxb4 37. Nd7 Qb1+ 38. Qf1 Qf5 39. Ne5 f6 40. Nf3 Qe6 41. Qd1 Qd5 42. Qc2 Qc4 43. Qb1 Nf5 44. Nd2 Qe6 45. Qe4 Qxe4 46. Nxe4 Kf7 47. Kf1 Bb4 48. Ke2 Nd6 49. Kd3 Nxe4 50. Kxe4 Ke6 51. f4 f5+ 52. Kf3 Kd5 53. h3 Be7 54. g3 h5 55. g4 hxg4+ 56. hxg4 Ba3 57. gxf5 gxf5 58. Ke2 Ke4 59. Kd2 Bb4+ 60. Ke2 Bc3 61. Kf2 Bd2 62. Ke2 Bxe3 0-1

[Event "Steinfurt Bezirksklasse 0506"]
[Site "Germany"]
[Date "2006.01.28"]
[Round "5.2"]
[White "Diepenbrock, Till"]
[Black "Becker, Heiner"]
[Result "1/2-1/2"]
[WhiteElo "1541"]
[BlackElo "1626"]
[PlyCount "34"]
[EventDate "2005.09.10"]
[EventType "team-tourn"]
[EventRounds "7"]
[EventCountry "GER"]
[SourceTitle "EXT 2006"]
[Source "ChessBase"]
[SourceDate "2005.11.24"]
[SourceVersion "1"]
[SourceVersionDate "2005.11.24"]
[SourceQuality "1"]
[WhiteTeam "Nordwalde II"]
[BlackTeam "Ibbenbueren III"]
[WhiteTeamCountry "GER"]
[BlackTeamCountry "GER"]

1. e4 c6 2. d4 d5 3. exd5 cxd5 4. c4 Nf6 5. Nc3 g6 6. Bd3 Bg7 7. Nge2 0-0 8. 0-0 dxc4 9. Bxc4 Nbd7 10. Be3 Nb6 11. Bb3 Nbd5 12. Nxd5 Nxd5 13. Nc3 e6 14. Nxd5 exd5 15. Qf3 Be6 16. Rac1 Qb6 17. Rcd1 Qb5 1/2-1/2

[Event "Steinfurt Bezirksklasse 0304"]
[Site "Germany"]
[Date "2004.05.29"]
[Round "11.2"]
[White "Beckmann, Martin"]
[Black "Becker, Heiner"]
[Result "1/2-1/2"]
[WhiteElo "1585"]
[BlackElo "1645"]
[PlyCount "79"]
[EventDate "2003.09.27"]
[EventType "team-tourn"]
[EventRounds "11"]
[EventCountry "GER"]
[SourceTitle "EXT 2005"]
[Source "ChessBase"]
[SourceDate "2004.11.15"]
[SourceVersion "1"]
[SourceVersionDate "2004.11.15"]
[SourceQuality "1"]
[WhiteTeam "Nordwalde II"]
[BlackTeam "Ibbenbueren III"]
[WhiteTeamCountry "GER"]
[BlackTeamCountry "GER"]

1. e4 c6 2. d4 d5 3. Nc3 dxe4 4. Nxe4 Nd7 5. Nf3 Ngf6 6. Nxf6+ Nxf6 7. Bc4 g6 8. 0-0 Bg7 9. c3 0-0 10. Re1 Bg4 11. h3 Bxf3 12. Qxf3 Qd7 13. Bg5 Rfe8 14. Re2 Nd5 15. Rae1 e6 16. h4 h6 17. Bd2 h5 18. Bg5 Kh7 19. Bd3 Bh6 20. Qg3 Bxg5 21. Qxg5 Qe7 22. Qg3 Rad8 23. Re5 Qf6 24. Rxh5+ Kg7 25. Rg5 Qf4 26. Qxf4 Nxf4 27. Bc2 Rh8 28. Rg4 Nd5 29. g3 f5 30. Rg5 Kf6 31. Kg2 Rd7 32. f4 Rdh7 33. Kf3 Rg7 34. Rh1 Rgh7 35. Re1 Rh6 36. Bb3 Rd8 37. Rh1 Rdh8 38. Re1 Rd8 39. Rh1 Rdh8 40. Re1 1/2-1/2

[Event "Muensterland Verbandsklasse-A 0203"]
[Site "Muensterland"]
[Date "2003.05.03"]
[Round "9.8"]
[White "Loecke, Christian"]
[Black "Becker, Heiner"]
[Result "1-0"]
[WhiteElo "1588"]
[BlackElo "1685"]
[PlyCount "23"]
[EventDate "2002.09.28"]
[EventType "team"]
[EventRounds "9"]
[EventCountry "GER"]
[SourceTitle "EXT 2004"]
[Source "ChessBase"]
[SourceDate "2003.11.25"]
[SourceVersion "1"]
[SourceVersionDate "2003.11.25"]
[SourceQuality "1"]
[WhiteTeam "Emsdetten Turm III"]
[BlackTeam "Ibbenbueren"]
[WhiteTeamCountry "GER"]
[BlackTeamCountry "GER"]

1. e4 c6 2. d4 d5 3. f3 dxe4 4. fxe4 e5 5. Nf3 exd4 6. Bc4 Be6 7. Bxe6 fxe6 8. 0-0 Bc5 9. Ng5 Nh6 10. Nxe6 d3+ 11. Kh1 Qh4 12. Nxg7+ 1-0

[Event "Steinfurt Bezirksklasse 0203"]
[Site "Germany"]
[Date "2002.11.23"]
[Round "3.2"]
[White "Becker, Heiner"]
[Black "Muhmann, Reinhard"]
[Result "1/2-1/2"]
[WhiteElo "1685"]
[BlackElo "1558"]
[PlyCount "22"]
[EventDate "2002.09.28"]
[EventType "team-tourn"]
[EventRounds "7"]
[EventCountry "GER"]
[SourceTitle "EXT 2005"]
[Source "ChessBase"]
[SourceDate "2004.11.15"]
[SourceVersion "1"]
[SourceVersionDate "2004.11.15"]
[SourceQuality "1"]
[WhiteTeam "Ibbenbueren III"]
[BlackTeam "Emsdetten Rochade III"]
[WhiteTeamCountry "GER"]
[BlackTeamCountry "GER"]

1. c4 Nf6 2. Nf3 e6 3. g3 d5 4. cxd5 exd5 5. d4 c6 6. Bg2 Bb4+ 7. Bd2 Qa5 8. a3 Bxd2+ 9. Qxd2 Qxd2+ 10. Nbxd2 0-0 11. 0-0 Bf5 1/2-1/2